Famous Dictators - Statistics

General Stats
  • This quiz has been taken 91 times
  • The average score is 15 of 20
Answer Stats
Hint Area Answer % Correct
1) The Führer Nazi Germany Adolf Hitler
100%
4) Fascist Italian dictator ofWW2 Italy Benito Mussolini
100%
2) Ruthless Russian dictatorduring WW2 Soviet Union Joseph Stalin
99%
6) This totalitarian dictator ruledfor over 45 years Cuba Fidel Castro
96%
3) Executor of the Great LeapForward and forced labor China Mao Zedong
94%
15) Notorious French emperor who met his finaldefeat at Waterloo in 1815 and exiled French Empire Napoleon Bonaparte
94%
7) Communist leader of closed offNorth Korea North Korea Kim Jong Un
93%
5) Ruthless Iraqi dictator overthrownin 2003 and later executed Iraq Saddam Hussein
93%
9) Roman dictator famously stabbedat the Ides of March Roman Empire Julius Caesar
87%
19) Authoritarian dictator of Spain who came to powerafter the Spanish Civil War Spain Francisco Franco
85%
16) Mongolian ruler whose invasions executed over 10-40 million in his time Mongol Empire Genghis Khan
85%
11) North African dictator who established atotal regime before his overtake in 2011 Libya Muammar Gaddafi
81%
10) Leader of Imperial Japan duringWW2 Japanese Empire Hirohito
80%
13) His Khmer Rogue regime killed an estimated 1-3million people in the late 70s Cambodia Pol Pot
79%
20) Communist ruler of socialist Yugoslavia Yugoslavian countries Josip Broz Tito
72%
8) Brutal dictator of central Africa, hewas called the Butcher of Uganda Uganda Idi Amin
61%
17) Often confused with the above, this nomadic emperor terrorized much of the Roman Empire Hun Nomads Attila
60%
18) Brutal Roman emperor from 37-41 AD who implementedtyrranical control in Rome Roman Empire Caligula
36%
12) Often called Europes' "last dictator"and ruler of Belarus Belarus Alexander Lukashenko
19%
14) Dictator of Hispaniola from 1930-61 who executedruthless control over Haitian immigrants Dominican Republic Rafael Trujillo
19%
No matching quizzes found
Score Distribution
Percent of People with Each Score
Percentile by Number Answered
Your Score History
You have not taken this quiz